Rousseau: su crítica social y su propuesta política (Registro nro. 5668)

Detalles MARC
000 -LEADER
fixed length control field 01004 a2200205 4500
001 - CONTROL NUMBER
control field 54593
005 - DATE AND TIME OF LATEST TRANSACTION
control field 20260407155820.0
008 - FIXED-LENGTH DATA ELEMENTS--GENERAL INFORMATION
fixed length control field 260407a2007 arg spa d
003 - CONTROL NUMBER IDENTIFIER
control field AR-UNSa-BCEJYS
040 ## - CATALOGING SOURCE
Original cataloging agency AR-UNSa-BCEJYS
Language of cataloging spa
Transcribing agency AR-UNSa-BCEJYS
080 ## - UNIVERSAL DECIMAL CLASSIFICATION NUMBER
Universal Decimal Classification number 316.334.3
Common auxiliary subdivision Sociología de subsistemas e instituciones políticas. Sociología política
020 ## - INTERNATIONAL STANDARD BOOK NUMBER
International Standard Book Number 978-987-03-1005-1
100 1# - MAIN ENTRY--PERSONAL NAME
Personal name D'Auria, Aníbal
245 10 - TITLE STATEMENT
Title Rousseau: su crítica social y su propuesta política
Name of part/section of a work (una lectura actual y libertaria)
264 #1 - PRODUCTION, PUBLICATION, DISTRIBUTION, MANUFACTURE, AND COPYRIGHT NOTICE
Place of production, publication, distribution, manufacture Buenos Aires :
Name of producer, publisher, distributor, manufacturer La Ley
Date of production, publication, distribution, manufacture, or copyright notice 2007
300 ## - PHYSICAL DESCRIPTION
Extent 120 p.
Dimensions 24 cm.
505 ## - FORMATTED CONTENTS NOTE
Formatted contents note I. Introducción - II. Discurso sobre las ciencias y las artes (Primer discurso) - III. Discurso sobre el origen de la desigualdad entre los hombres (Segundo discurso) - IV. Ensayo sobre el origen de las lenguas - V. Carta a M. D'alembert (Sobre los espectáculos) - VI. Las cartas morales (Cartas a Sofía) - VII. El contrato social
590 ## - LOCAL NOTE (RLIN)
Local note niveau_biblio:m niveau_hierar:0
942 ## - ADDED ENTRY ELEMENTS (KOHA)
Koha item type
Existencias
Withdrawn status Lost status Damaged status Not for loan Home library Current library Shelving location Date acquired Total checkouts Full call number Barcode Date last seen Price effective from Koha item type
        Biblioteca Prof. Eusebio Cleto del Rey Biblioteca Prof. Eusebio Cleto del Rey   07/04/2026   316.334.3 D235 L117335 07/04/2026 07/04/2026 Libro